Dictionnaire hors série n°12: Balthazar Picsou - Statistiques

Statistiques générales
  • Ce quiz a été pris 158 fois
  • Le résultat moyen est 7 sur 10
Statistiques - réponses
Définitions Classes grammaticales Mots correspondants % Correct
Frère du père ou de la mère ou mari de la tante Nom Oncle
95%
Oiseau palmipède au bec large Nom Canard
93%
Aller en différents lieux pour voir du pays Verbe Voyager
91%
Qui a de la fortune, possède des richesses Adjectif Riche
87%
Rendre riche ou plus riche Verbe Enrichir
83%
Pièce de monnaie Nom Sou
74%
Manifester son mécontentement en protestant Verbe Ronchonner
65%
Ensemble de deux lentilles et de leur monture sans branches Nom Lorgnon
61%
[Objet] auquel on attribue un pouvoir bénéfique Adjectif Fétiche
51%
Avare mesquin Adjectif Pingre
29%
Aucun quiz correspondant
Distribution des résultats
% des personnes avec chaque résultat
Percentile par nombre de réponses
Votre historique - résultats
Vous n’avez pas pris ce quiz